Countries with Identical Borders - Statistics

General Stats
  • This quiz has been taken 1,920 times
    1,883 since last reset
  • The average score is 5 of 10
Answer Stats
Country 1 Bordering Countries % Correct
Bhutan
71%
Nepal China, India
71%
San Marino
66%
Vatican City Italy
66%
Finland Russia, Sweden
50%
Norway
50%
East Timor
46%
Papua New Guinea Indonesia
46%
United Arab Emirates
42%
Yemen Oman, Saudi Arabia
42%
No matching quizzes found
Score Distribution
Percent of People with Each Score
Percentile by Number Answered
Your Score History
You have not taken this quiz since the last reset